000
00305nam a22001217a 4500
003
SGT
082
_a
080
_b
H16O
100
_a
ओझा, रमेश
245
_a
हमारे नरेंद्र भाई
260
_b
विजय प्रकाशन
_c
2016
300
_a
268
942
_2
ddc
_c
BK
999
_c
31612
_d
31612